Statistics for Countries in FIBA World Cup 2010

Click here to take the quiz!

General Stats

  • This quiz has been taken 15 times
  • The average score is 18 of 24

Answer Stats

RankCountry% Correct
9th PlaceBrazil
100%
13th PlaceFrance
100%
6th PlaceSpain
100%
5th PlaceArgentina
92%
22nd PlaceCanada
92%
17th PlaceGermany
92%
7th PlaceRussia
92%
Champions (1st Place)United States
92%
16th PlaceChina
83%
14th PlaceCroatia
83%
10th PlaceAustralia
75%
11th PlaceGreece
75%
Host (2nd Place)Turkey
75%
19th PlaceIran
67%
12th PlaceNew Zealand
67%
8th PlaceSlovenia
67%
15th PlaceAngola
58%
3rd PlaceLithuania
58%
18th PlacePuerto Rico
58%
4th PlaceSerbia
58%
21st PlaceIvory Coast
50%
23rd PlaceJordan
50%
20th PlaceLebanon
50%
24th PlaceTunisia
50%

Score Distribution

Percentile by Number Answered

Percent of People with Each Score

Your Score History

You have not taken this quiz